Forensic engineering investigation (EBOOK) (Record no. 192001)
[ view plain ]
| 000 -LEADER | |
|---|---|
| fixed length control field | 01026 a2200193 4500 |
| 003 - CONTROL NUMBER IDENTIFIER | |
| control field | Nust |
| 005 - DATE AND TIME OF LATEST TRANSACTION | |
| control field | 20170207154028.0 |
| 020 ## - INTERNATIONAL STANDARD BOOK NUMBER | |
| International Standard Book Number | 0-8493-0911-5 |
| 040 ## - CATALOGING SOURCE | |
| Transcribing agency | Nust |
| 082 0# - DEWEY DECIMAL CLASSIFICATION NUMBER | |
| Classification number | 624.171 |
| 100 1# - MAIN ENTRY--PERSONAL NAME | |
| Personal name | Noon, Randall K. |
| 245 00 - TITLE STATEMENT | |
| Title | Forensic engineering investigation (EBOOK) |
| Statement of responsibility, etc. | Randall K. Noon |
| 260 ## - PUBLICATION, DISTRIBUTION, ETC. | |
| Place of publication, distribution, etc. | Boca Raton, Fla. ; |
| -- | London : |
| Name of publisher, distributor, etc. | CRC Press, |
| Date of publication, distribution, etc. | cop. 2001 |
| 300 ## - PHYSICAL DESCRIPTION | |
| Extent | xviii, 463 p. : |
| Other physical details | ill. ; |
| Dimensions | 24 cm. |
| 505 ## - FORMATTED CONTENTS NOTE | |
| Formatted contents note | Chapter 1. Introduction (Page-10) Chapter 2. An Outline Development Process (Page-56) Chapter 3. Use Cases (Page-98) Chapter 4. Class Diagrams: The Essentials (Page-111) Chapter 5. Interaction Diagrams (Page-133) Chapter 6. Class Diagrams: Advanced Concepts (Page-156) Chapter 7. Packages and Collaborations (Page-172) Chapter 8. State Diagrams (Page-189) Chapter 9. Activity Diagrams (Page-214) Chapter 10. Physical Diagrams (Page-235) Chapter 11. UML and Programming (Page-276) |
| 650 #7 - SUBJECT ADDED ENTRY--TOPICAL TERM | |
| Topical term or geographic name entry element | Forensic engineering |
| 651 ## - SUBJECT ADDED ENTRY--GEOGRAPHIC NAME | |
| Geographic name | EBOOK |
| 856 41 - ELECTRONIC LOCATION AND ACCESS | |
| Uniform Resource Identifier | <a href="http://www.engnetbase.com/pdf/engnetbase/0911/0911_fm.pdf">http://www.engnetbase.com/pdf/engnetbase/0911/0911_fm.pdf</a> |
| 942 ## - ADDED ENTRY ELEMENTS (KOHA) | |
| Source of classification or shelving scheme | |
| Koha item type | Book |
| Withdrawn status | Lost status | Source of classification or shelving scheme | Damaged status | Not for loan | Collection code | Permanent Location | Current Location | Date acquired | Total Checkouts | Full call number | Barcode | Date last seen | Price effective from | Koha item type |
|---|---|---|---|---|---|---|---|---|---|---|---|---|---|---|
| Military College of Signals (MCS) | Military College of Signals (MCS) | 12/12/2016 | 624.171 NOO | MCSEB-531 | 12/08/2016 | 12/12/2016 | Book |
